000 00203 a2200109 4500
020 _a059045188x
041 _aspa
100 _aEzra Jack Keats
245 _aUn dia de Nieve
942 _cBK
952 _71
999 _c23084
_d23084